000 00449nam a2200169Ia 4500
008 230917s9999||||xx |||||||||||||| ||und||
020 _cRS1275
040 _e256601
_aMAIN
041 _aEnglish
082 _a910.02 B469T
100 _aBhattacharya, Tapas
245 0 _aTextbook of physical geography
260 _aNew Delhi
_bWisdom Press
_c2016
300 _a266 p.
500 _a3552 24/07/2019 PBA19/273 26/07/2019 Main Budget
942 _cBK
999 _c32037
_d32037